000
00348nam a2200121Ia 4500
008
231129s9999||||xx |||||||||||||| ||spa||
020
_a
978-958-44-2863-9
082
_a
GOR- 072
100
_a
ílvarez Juan Miguel
245
0
_a
Tumbas en el aire
264
_a
Manizales: Gama Impresores 2008
942
_2
ddc
_c
BKS
999
_c
25741
_d
25741